[Event "Tunja Boyaca op-B"]
[Site "Tunja"]
[Date "2019.08.03"]
[Round "6"]
[White "Nino Perez, Diego Dayan"]
[Black "Campos Perilla, Angie Catalina"]
[Result "1-0"]
[WhiteElo "1922"]
[BlackElo "1270"]
[PlyCount "50"]
[EventDate "2019.07.31"]
[EventType "swiss"]
[EventRounds "9"]
[EventCountry "COL"]
[SourceTitle "EXT 2020"]
[Source "ChessBase"]
[SourceDate "2019.10.17"]
[SourceVersion "1"]
[SourceVersionDate "2019.10.17"]
[SourceQuality "1"]

1. e4 e5 2. f4 d5 3. exd5 Qxd5 4. Nc3 Qa5 5. Nf3 Nc6 6. Bb5 Bd7 7. Bxc6 Bxc6 8. Nxe5 Bxg2 9. Qg4 Bc6 10. d3 Nf6 11. Qe2 0-0-0 12. Rg1 Qb6 13. Rg3 Re8 14. Kd1 g6 15. a4 a5 16. Rg5 Bh6 17. Rg3 Nh5 18. Rg4 f5 19. Rh4 Bg7 20. Bd2 Nf6 21. Qf1 Nd5 22. Nc4 Qc5 23. Nb5 Qe7 24. Na7+ Kb8 25. Nxc6+ bxc6 1-0

[Event "COL-ch U2000"]
[Site "Moniquira"]
[Date "2019.07.22"]
[Round "6"]
[White "Nino Perez, Diego Dayan"]
[Black "Celi, Juan Carlos"]
[Result "1/2-1/2"]
[WhiteElo "1942"]
[BlackElo "1872"]
[PlyCount "57"]
[EventDate "2018.07.19"]
[EventType "swiss"]
[EventRounds "7"]
[EventCountry "COL"]
[SourceTitle "EXT 2021"]
[Source "ChessBase"]
[SourceDate "2020.10.23"]
[SourceVersion "1"]
[SourceVersionDate "2020.10.23"]
[SourceQuality "1"]

1. e4 e5 2. Nf3 Nc6 3. Bc4 Nf6 4. d3 Bc5 5. h3 d6 6. Bg5 h6 7. Bh4 Qe7 8. c3 0-0 9. Nbd2 a6 10. Nf1 Be6 11. Bb3 Bxb3 12. Qxb3 Bb6 13. g4 Qe6 14. Qc2 d5 15. 0-0-0 dxe4 16. dxe4 Qxa2 17. N1d2 Nd7 18. b4 Qe6 19. Qb3 Qxb3 20. Nxb3 Nf6 21. Rhe1 Rad8 22. Nbd2 Rd3 23. Kc2 Rfd8 24. g5 hxg5 25. Nxg5 R8d7 26. Nc4 Rxd1 27. Rxd1 Rxd1 28. Kxd1 Ba7 29. Ke2 1/2-1/2

[Event "COL-ch U2000"]
[Site "Moniquira"]
[Date "2019.07.21"]
[Round "5"]
[White "Leal Cortes, Diego Fernando"]
[Black "Nino Perez, Diego Dayan"]
[Result "0-1"]
[WhiteElo "1862"]
[BlackElo "1942"]
[PlyCount "90"]
[EventDate "2018.07.19"]
[EventType "swiss"]
[EventRounds "7"]
[EventCountry "COL"]
[SourceTitle "EXT 2021"]
[Source "ChessBase"]
[SourceDate "2020.10.23"]
[SourceVersion "1"]
[SourceVersionDate "2020.10.23"]
[SourceQuality "1"]

1. e4 c5 2. Nf3 e6 3. d4 cxd4 4. Nxd4 a6 5. Bd3 Bc5 6. Nb3 Bb6 7. 0-0 Ne7 8. Nc3 Nbc6 9. Re1 Ne5 10. Bf1 0-0 11. Be3 Bc7 12. f4 N5g6 13. Qf3 d6 14. Rad1 Bd7 15. Kh1 f5 16. Nd4 fxe4 17. Nxe4 e5 18. Nb3 Bc6 19. Bc1 Nxf4 20. Bxf4 Rxf4 21. Qd3 d5 22. Ng5 e4 23. Qh3 h6 24. Qe6+ Kf8 25. Nh7+ Ke8 26. Qh3 Qd6 27. g3 Rf7 28. Nd4 Bd7 29. Qh5 Qe5 30. Qxe5 Bxe5 31. c4 Nf5 32. Nf3 Bd6 33. Rxd5 Re7 34. Nd4 Nxd4 35. Rxd4 Bc5 36. Rd5 Bf2 37. Red1 e3 38. Be2 Bc6 39. Bh5+ Rf7 40. Kg2 Ke7 41. Bxf7 Kxf7 42. Kf1 Re8 43. Ke2 Kg6 44. Ng5 hxg5 45. Rd6+ Kf7 0-1

[Event "COL-ch U2000"]
[Site "Moniquira"]
[Date "2019.07.20"]
[Round "2"]
[White "Campos Gomez, Manuel"]
[Black "Nino Perez, Diego Dayan"]
[Result "0-1"]
[WhiteElo "1737"]
[BlackElo "1942"]
[PlyCount "72"]
[EventDate "2018.07.19"]
[EventType "swiss"]
[EventRounds "7"]
[EventCountry "COL"]
[SourceTitle "EXT 2021"]
[Source "ChessBase"]
[SourceDate "2020.10.23"]
[SourceVersion "1"]
[SourceVersionDate "2020.10.23"]
[SourceQuality "1"]

1. Nf3 d6 2. c4 g6 3. Nc3 Bg7 4. g3 Nc6 5. Bg2 e5 6. 0-0 f5 7. d3 Nf6 8. e3 Be6 9. b3 Qd7 10. Bb2 0-0-0 11. d4 exd4 12. exd4 d5 13. c5 Ne4 14. a3 Na5 15. Qc2 Qe7 16. Ne2 g5 17. Bc3 Nc6 18. b4 Rdf8 19. a4 f4 20. b5 Nd8 21. Ne1 Bf5 22. Qd1 Ne6 23. Rc1 fxg3 24. fxg3 Bg4 25. Bf3 Bh3 26. Ng2 h5 27. Bxe4 Rxf1+ 28. Qxf1 dxe4 29. b6 axb6 30. cxb6 c6 31. d5 Rf8 32. Qd1 Qc5+ 33. Kh1 Qf2 34. Qg1 Qxe2 35. dxe6 Bxc3 36. Nf4 Rxf4 0-1

[Event "Tunja Boyacense op"]
[Site "Tunja"]
[Date "2018.12.15"]
[Round "5"]
[White "Alvarez Lora, Amaury Antonio"]
[Black "Nino Perez, Diego Dayan"]
[Result "1-0"]
[WhiteElo "2044"]
[BlackElo "1936"]
[PlyCount "69"]
[EventDate "2018.12.13"]
[EventType "swiss"]
[EventRounds "7"]
[EventCountry "COL"]
[SourceTitle "CBM 187 Extra"]
[Source "ChessBase"]
[SourceDate "2018.11.04"]
[SourceVersion "1"]
[SourceVersionDate "2018.11.04"]
[SourceQuality "1"]

1. c4 e5 2. g3 c6 3. Bg2 Nf6 4. d3 g6 5. Nf3 Bg7 6. 0-0 Qc7 7. Nc3 d6 8. Rb1 a5 9. a3 0-0 10. Bg5 Nbd7 11. Ne1 h6 12. Bxf6 Nxf6 13. Nc2 Nh5 14. e4 Bd7 15. Ne3 Be8 16. Bf3 Nf6 17. b4 Nd7 18. Bg4 Nf6 19. Bh3 Nh7 20. Qd2 axb4 21. axb4 Ng5 22. Bg2 f5 23. exf5 gxf5 24. f4 exf4 25. Rxf4 Ra3 26. d4 Bg6 27. Rbf1 Ne6 28. Rh4 Qb6 29. Nc2 Rb3 30. Kh1 f4 31. Nd5 cxd5 32. Bxd5 Bf7 33. c5 Nxc5 34. dxc5 dxc5 35. Rhxf4 1-0

[Event "Tunja Boyacense op"]
[Site "Tunja"]
[Date "2018.12.14"]
[Round "2"]
[White "Nino Perez, Diego Dayan"]
[Black "Serrano Castaneda, Hernan Heriberto"]
[Result "1-0"]
[WhiteElo "1936"]
[BlackElo "1779"]
[PlyCount "47"]
[EventDate "2018.12.13"]
[EventType "swiss"]
[EventRounds "7"]
[EventCountry "COL"]
[SourceTitle "CBM 187 Extra"]
[Source "ChessBase"]
[SourceDate "2018.11.04"]
[SourceVersion "1"]
[SourceVersionDate "2018.11.04"]
[SourceQuality "1"]

1. d4 d5 2. Bf4 Nf6 3. e3 Bf5 4. c4 Nc6 5. a3 e5 6. dxe5 Nxe5 7. Bxe5 Be7 8. Nc3 c6 9. Nf3 0-0 10. Be2 h6 11. 0-0 Re8 12. Qb3 Be6 13. Rfd1 Ng4 14. Bg3 b6 15. Nd4 Qc8 16. cxd5 cxd5 17. Rac1 Bc5 18. Ncb5 Re7 19. Nxe6 Qxe6 20. Nc7 Rxc7 21. Bxc7 Nxf2 22. Kxf2 Re8 23. Rc3 d4 24. Qxe6 1-0

[Event "Gachantiva Boyaca Cup"]
[Site "Gachantiva"]
[Date "2016.06.05"]
[Round "4"]
[White "Acosta, Jaime"]
[Black "Nino Perez, Diego Dayan"]
[Result "0-1"]
[WhiteElo "1638"]
[BlackElo "1946"]
[PlyCount "86"]
[EventDate "2016.06.04"]
[EventType "swiss"]
[EventRounds "6"]
[EventCountry "COL"]
[SourceTitle "CBM 172 Extra"]
[Source "ChessBase"]
[SourceDate "2016.06.21"]
[SourceVersion "1"]
[SourceVersionDate "2016.06.21"]
[SourceQuality "1"]

1. e4 c5 2. c4 e6 3. Nf3 d5 4. cxd5 exd5 5. exd5 Qxd5 6. Nc3 Qe6+ 7. Be2 Be7 8. 0-0 Nf6 9. Bb5+ Nc6 10. Re1 Qd6 11. d4 0-0 12. dxc5 Qxd1 13. Rxd1 Bxc5 14. h3 Rd8 15. Bg5 Be6 16. Bxf6 gxf6 17. Ne4 Be7 18. b3 Bd5 19. Ng3 Bxf3 20. gxf3 Nd4 21. Be2 Ba3 22. Kg2 Nxe2 23. Nxe2 Rac8 24. Nd4 Bb2 25. Nf5 Bxa1 26. Rxa1 Rc5 27. Ne3 b5 28. f4 f5 29. Kf3 Kg7 30. Rg1+ Kf6 31. Ke2 Rd4 32. Kf3 h6 33. Ra1 Rc6 34. h4 Rd2 35. h5 Ra6 36. Rc1 Raxa2 37. Rc6+ Kg7 38. Nxf5+ Kh7 39. Rxh6+ Kg8 40. Rc6 Rxf2+ 41. Kg4 Rg2+ 42. Ng3 f5+ 43. Kxf5 Rxg3 0-1

[Event "Tercer Piso op"]
[Site "Tercer Piso"]
[Date "2015.03.23"]
[Round "7"]
[White "Hincapie Uribe, Eduardo"]
[Black "Nino Perez, Diego Dayan"]
[Result "0-1"]
[WhiteElo "1778"]
[BlackElo "1982"]
[PlyCount "68"]
[EventDate "2015.03.21"]
[EventType "swiss"]
[EventRounds "7"]
[EventCountry "COL"]
[SourceTitle "CBM 165 Extra"]
[Source "ChessBase"]
[SourceDate "2015.04.21"]
[SourceVersion "1"]
[SourceVersionDate "2015.04.21"]
[SourceQuality "1"]

1. e4 c6 2. d4 d5 3. Nc3 dxe4 4. Nxe4 Bf5 5. Nc5 b6 6. Nb3 e6 7. Nf3 Bd6 8. Be3 Nf6 9. Be2 Nbd7 10. Qd2 Qc7 11. a3 Nd5 12. c4 Nxe3 13. Qxe3 Bf4 14. Qc3 Nf6 15. c5 Nd5 16. cxb6 axb6 17. Qc4 0-0 18. 0-0 Ra7 19. Rfe1 Rfa8 20. a4 Rc8 21. Bd3 Bg4 22. Ne5 Bh5 23. g3 f6 24. gxf4 Nxf4 25. Qc2 fxe5 26. Bxh7+ Kh8 27. dxe5 g6 28. Qe4 Rf8 29. Nd4 c5 30. Nb5 Qxh7 31. Nxa7 Nh3+ 32. Kg2 Rxf2+ 33. Kxh3 Bf3+ 34. Kg3 Qxh2# 0-1

[Event "COL-chT"]
[Site "Villavicencio"]
[Date "2014.08.16"]
[Round "3.4"]
[White "Nino Perez, Diego Dayan"]
[Black "Gomez Perez, Jaidor S"]
[Result "1-0"]
[WhiteElo "1959"]
[BlackElo "1768"]
[PlyCount "75"]
[EventDate "2014.08.15"]
[EventType "team-swiss"]
[EventRounds "6"]
[EventCountry "COL"]
[SourceTitle "EXT 2015"]
[Source "ChessBase"]
[SourceDate "2014.11.20"]
[SourceVersion "1"]
[SourceVersionDate "2014.11.20"]
[SourceQuality "1"]
[WhiteTeam "Boyaca"]
[BlackTeam "Meta II"]
[WhiteTeamCountry "COL"]
[BlackTeamCountry "COL"]

1. e4 c5 2. Nc3 Nc6 3. g3 d6 4. Bg2 Nf6 5. d3 Bg4 6. f3 Bd7 7. Nge2 e6 8. f4 Be7 9. 0-0 0-0 10. h3 d5 11. e5 Ne8 12. Kh2 f6 13. exf6 Bxf6 14. Rb1 Nd6 15. a3 Nf5 16. Na4 b6 17. c3 Be7 18. b4 Qe8 19. Nb2 Rd8 20. d4 c4 21. Ng1 Nxg3 22. Kxg3 Qg6+ 23. Kh2 Qxb1 24. Nf3 Qg6 25. Rg1 Qf7 26. b5 Na5 27. Ne5 Qe8 28. Bf3 Bf6 29. Bh5 Qe7 30. a4 Nb7 31. Qc2 Nd6 32. Nd1 Ne4 33. Qa2 Bxe5 34. fxe5 Qh4 35. Qe2 Nxc3 36. Qg2 g6 37. Bxg6 Kh8 38. Bg5 1-0

[Event "Bogota McGregor op 4th"]
[Site "Bogota"]
[Date "2013.12.08"]
[Round "8"]
[White "Penuela, Jorge"]
[Black "Nino Perez, Diego Dayan"]
[Result "0-1"]
[WhiteElo "1703"]
[BlackElo "2039"]
[PlyCount "96"]
[EventDate "2013.12.04"]
[EventType "swiss"]
[EventRounds "9"]
[EventCountry "COL"]
[SourceTitle "CBM 157 Extra"]
[Source "ChessBase"]
[SourceDate "2013.12.19"]
[SourceVersion "1"]
[SourceVersionDate "2013.12.19"]
[SourceQuality "1"]

1. d4 d5 2. c4 e6 3. Bf4 Nf6 4. e3 Bb4+ 5. Nc3 0-0 6. Bd3 c5 7. Nf3 Nbd7 8. h3 cxd4 9. exd4 dxc4 10. Bxc4 Ne4 11. Qb3 Qa5 12. Rc1 Bxc3+ 13. bxc3 Qf5 14. Bh2 b6 15. 0-0 Bb7 16. Rfe1 Ng5 17. Nxg5 Qxg5 18. Bg3 Nf6 19. Rc2 h5 20. h4 Qg6 21. Rce2 Nd5 22. Bxd5 Bxd5 23. c4 Bb7 24. d5 exd5 25. cxd5 Rad8 26. Re5 f5 27. Bf4 Qg4 28. g3 Kh7 29. f3 Qg6 30. Re6 Bxd5 31. Qxd5 Rxd5 32. Rxg6 Kxg6 33. Bg5 Ra5 34. Re6+ Kh7 35. Re2 Rc8 36. Bf4 Rc3 37. Bd6 Rxf3 38. Kg2 Rd3 39. Bb4 Rad5 40. a3 a5 41. Be7 Rd2 42. Rxd2 Rxd2+ 43. Kf3 b5 44. Ke3 Rb2 45. Bd8 b4 46. Bxa5 bxa3 47. Bc3 Rb1 48. Kd2 a2 0-1

[Event "Bogota McGregor op 4th"]
[Site "Bogota"]
[Date "2013.12.05"]
[Round "3"]
[White "Moreno Lozano, Esteban"]
[Black "Nino Perez, Diego Dayan"]
[Result "1/2-1/2"]
[WhiteElo "1610"]
[BlackElo "2039"]
[PlyCount "116"]
[EventDate "2013.12.04"]
[EventType "swiss"]
[EventRounds "9"]
[EventCountry "COL"]
[SourceTitle "CBM 157 Extra"]
[Source "ChessBase"]
[SourceDate "2013.12.19"]
[SourceVersion "1"]
[SourceVersionDate "2013.12.19"]
[SourceQuality "1"]

1. e4 c6 2. d4 d5 3. exd5 cxd5 4. Nc3 Nf6 5. Nf3 e6 6. Bd2 a6 7. Bd3 Nc6 8. a3 Qb6 9. Be3 Bd6 10. h3 Qc7 11. Qd2 b5 12. b4 Nxb4 13. axb4 Bxb4 14. 0-0 Bxc3 15. Qe2 Bxa1 16. Rxa1 Rb8 17. Qd2 Qe7 18. Bg5 Bb7 19. Ne5 h6 20. Bh4 Rc8 21. Qe3 g5 22. Bg3 Nd7 23. Ng4 h5 24. Ne5 Nxe5 25. Bxe5 f6 26. Bh2 Kf7 27. Re1 b4 28. Bf5 Rc6 29. Qd3 Kg7 30. f4 gxf4 31. Bxf4 Qf7 32. Qg3+ Kf8 33. Bd6+ Rxd6 34. Qxd6+ Qe7 35. Rxe6 Qxd6 36. Rxd6 Ba8 37. Rxf6+ Ke7 38. Re6+ Kd8 39. Rxa6 Kc7 40. Ra4 Rb8 41. Kf2 Rf8 42. g4 Rb8 43. Ra7+ Bb7 44. Ra1 Rf8 45. Kg2 Kb6 46. Rf1 hxg4 47. hxg4 Ba6 48. Rb1 Ka5 49. Ra1+ Kb6 50. Ra4 Bc8 51. Bxc8 Rxc8 52. Rxb4+ Ka5 53. Rb3 Rxc2+ 54. Kf1 Rd2 55. Rg3 Rxd4 56. g5 Rf4+ 57. Ke2 Rf7 58. Kd3 Kb5 1/2-1/2

[Event "Duitama op 9th"]
[Site "Duitama"]
[Date "2013.01.04"]
[Round "2"]
[White "Prado, Leonardo"]
[Black "Nino Perez, Diego Dayan"]
[Result "1-0"]
[WhiteElo "1968"]
[BlackElo "1812"]
[PlyCount "61"]
[EventDate "2013.01.03"]
[EventType "swiss"]
[EventRounds "7"]
[EventCountry "COL"]
[SourceTitle "CBM 152 Extra"]
[Source "ChessBase"]
[SourceDate "2013.02.25"]
[SourceVersion "1"]
[SourceVersionDate "2013.02.25"]
[SourceQuality "1"]

1. e4 c5 2. Nf3 Nc6 3. Nc3 a6 4. d4 cxd4 5. Nxd4 e6 6. Be2 Qc7 7. 0-0 Bc5 8. Nb3 Ba7 9. a4 Nge7 10. Kh1 f5 11. f4 0-0 12. a5 b5 13. Bd3 Nb4 14. Bd2 fxe4 15. Nxe4 Nxd3 16. cxd3 Nf5 17. Rc1 Qd8 18. Rf3 Bb7 19. Rh3 Qe8 20. Bb4 Rf7 21. Nbc5 Bc6 22. Ng5 Rf6 23. Nxh7 Rg6 24. Ng5 e5 25. Qg4 Nh6 26. Qh5 exf4 27. Re1 Qxe1+ 28. Bxe1 Re8 29. Nce4 Rxg5 30. Qxe8+ Kh7 31. Nxg5# 1-0